3 films - 1 acteur - Statistiques

Statistiques générales
  • Ce quiz a été pris 13 010 fois
  • Le résultat moyen est 8 sur 14
Statistiques - réponses
Hint Réponse % Correct
Titanic / Gangs of New york / The Revenant Leonardo Di Caprio
90%
Rain Man / Mission impossible / Oblivion Tom Cruise
81%
21 Jump street / Charlie et la chocolaterie / Les animaux fantastiques Johnny Depp
79%
Je suis une légende / I robot / Bad Boys Will Smith
77%
The Batman / The Lost City of Z / Harry Potter et la Coupe de feu Robert Pattinson
76%
Le Voyage du Docteur Dolittle / Avengers / Sherlock Holmes : Jeu d'ombres Robert Downey Jr
75%
Le Retour de la momie / Maxi papa / Fast and Furious 7 Dwayne Jonhson
67%
Piège de cristal / Armageddon / Sixième sens Bruce Willis
61%
Le parrain 2 / Taxi driver / Les incorruptibles Robert De Niro
44%
Gravity / Spy kids / La ligne rouge George Clooney
34%
Ben-Hur / Ted 2 / Insaisissables Morgan Freeman
32%
Le Poids de l'eau / Accords et Désaccords / L'Impasse Sean Penn
29%
L'exorciste 3 / Jurassic Park / Iron Man 2 Samuel L.Jackson
28%
Once Upon a Time… in Hollywood / Les Derniers Affranchis / Ocean's Thirteen Al Pacino
17%
Aucun quiz correspondant
Distribution des résultats
% des personnes avec chaque résultat
Percentile par nombre de réponses
Votre historique - résultats
Vous n’avez pas pris ce quiz